Tréningový systém pre hráča robotického futbalu

Salvato in:
Dettagli Bibliografici
Autore principale: Grman, Erik (Autore)
Altri autori: Kapustík, Ivan (Relatore della tesi)
Natura: Manoscritto Libro
Lingua:slovacco
Pubblicazione: 2017
Soggetti:
Accesso online:http://is.stuba.sk/zp/portal_zp.pl?podrobnosti=119238
Tags: Aggiungi Tag
Nessun Tag, puoi essere il primo ad aggiungerne!!

MARC

LEADER 00000ntm a22000003a 4500
001 stuzp58919
003 SK-STU
005 20170624210722.2
007 ta
008 150427s2015----xo-----f-mn---000-0-slo-d
040 |a STU  |b slo 
041 0 |a slo 
100 1 |a Grman, Erik  |u 070200  |4 aut  |U FIIT Fakulta informatiky a informačných technológií  |T FIIT Ústav informatiky, informačných systémov a softvérového inžinierstva  |X 8298  |U I200  |Y 179  |7 A000008298 
242 0 1 |a Training System for Robotic Soccer Player  |y eng 
245 1 0 |a Tréningový systém pre hráča robotického futbalu 
260 |c 2017 
650 4 |a robocup  |2 slo 
650 4 |a tréning  |2 slo 
650 4 |a simulácia  |2 slo 
650 4 |a robocup  |2 eng 
650 4 |a simulation  |2 eng 
650 4 |a training  |2 eng 
700 1 |a Kapustík, Ivan  |u 070200  |k Z1  |4 ths  |U FIIT Fakulta informatiky a informačných technológií  |T FIIT Ústav informatiky, informačných systémov a softvérového inžinierstva  |X 111  |U I200  |Y 179  |7 111 
856 4 |u http://is.stuba.sk/zp/portal_zp.pl?podrobnosti=119238 
996 |b 11150  |c I* DP61/17  |l II680  |s P  |a 0  |w stuzp58919_0001